Hirnnerven und ihre Aufgaben - Statistiken

Allgemein
  • Dieses Quiz wurde 35 mal gespielt
  • Das Durchschnittsergebnis liegt bei 9 aus 12
Antwortstatistiken
Hint Antwort % Korrekt
Riechen (I) N. olfactorius
96%
Mimik(VII) N. facialis
89%
Sehen (II) N. opticus
89%
Gesichtsbereich (V) N. trigeminus
89%
Kopfdrehung, Schulterbewegung (XI) N. accessorius
85%
Zungenbewegung (XII) N. hypoglossus
85%
Hauptnerv, Parasympathicus (X) N. vagus
85%
Augenbewegung (VI) N. abducens
81%
Augenbewegung (IV) N. trochlearis
81%
Augenbewegung (III) N. oculomotorius
78%
Schlucken (IX) N. glossopharyngeus
70%
Hören, Gleichgewicht (VIII) N. vestibulochochlearis
15%
Keine übereinstimmenden Quizze gefunden
Verteilung der Resultate
Anzahl Personen mit jedem Resultat
Perzentil nach korrekt beantworteten Fragen
Ihre Resultats-Entwicklung
Sie haben dieses Quiz noch nicht gespielt